CountryBall Picture Quiz - Statistics

General Stats
  • This quiz has been taken 1,939 times
  • The average score is 17 of 20
Answer Stats
Picture Answer % Correct
Turkey
96%
Poland
95%
Austria
89%
Germany
89%
Netherlands
88%
China
87%
Finland
87%
Romania
87%
United Kingdom
87%
Brazil
86%
India
86%
Italy
86%
Norway
85%
Belgium
84%
Egypt
82%
Jamaica
82%
Slovakia
81%
Philippines
77%
Lithuania
76%
Sudan
65%
No matching quizzes found
Score Distribution
Percent of People with Each Score
Percentile by Number Answered
Your Score History
You have not taken this quiz